LEADER 01152nam--2200373---450- 001 990006056680203316 005 20150928130738.0 035 $a000605668 035 $aUSA01000605668 035 $a(ALEPH)000605668USA01 035 $a000605668 100 $a20150706d1901----km-y0itay50------ba 101 $aita 102 $aIT 105 $a||||||||001yy 200 1 $a<>eresia di Matteo Palmieri cittadin fiorentino$fGiuseppe Boffito 210 $aTorino$cErmanno Loescher$d1901 215 $a69 p.$d24 cm 300 $aGià pubblicato in: Giornale storico della letteratura italiana, vol. 37, p. 1 410 0$12001 454 1$12001 600 1$aPalmieri,$bMatteo$xEresie$2BNCF 676 $a273.6092 700 1$aBOFFITO,$bGiuseppe$054567 801 0$aIT$bsalbc$gISBD 912 $a990006056680203316 951 $aFC.OE. 649$b759 FCil$cFC.OE.$d377767 959 $aBK 969 $aFCIL 979 $aGENEROSO$b90$c20150706$lUSA01$h1316 979 $aGENEROSO$b90$c20150928$lUSA01$h1257 979 $aGENEROSO$b90$c20150928$lUSA01$h1307 996 $aEresia di Matteo Palmieri cittadin fiorentino$91102966 997 $aUNISA LEADER 01422nas 2200421-a 450 001 9910145157503321 005 20260218112641.0 035 $a(CKB)1000000000275834 035 $a(CONSER)--2004240873 035 $a(DE-599)ZDB2638577-6 035 $a(DE-599)2638577-6 035 $a(EXLCZ)991000000000275834 100 $a19950623a19959999 --- - 101 0 $aeng 181 $ctxt$2rdacontent 182 $cc$2rdamedia 183 $acr$2rdacarrier 200 10$aEquals 210 $aLeicester $cMathematical Association and NASEN$d1995- 215 $a1 online resource 311 08$aPrint version: Equals (Leicester, England) 1465-1254 (DLC) 2004240873 (OCoLC)32697360 606 $aMathematics$vProblems, exercises, etc$vPeriodicals 606 $aMathematics$xRemedial teaching$vPeriodicals 606 $aMathematics$2fast$3(OCoLC)fst01012163 606 $aMathematics$xRemedial teaching$2fast$3(OCoLC)fst01012222 608 $aPeriodicals.$2fast 608 $aProblems and exercises.$2fast 615 0$aMathematics 615 0$aMathematics$xRemedial teaching 615 7$aMathematics. 615 7$aMathematics$xRemedial teaching. 712 02$aMathematical Association. 712 02$aNational Association for Special Educational Needs (Great Britain) 906 $aJOURNAL 912 $a9910145157503321 920 $aexl_impl conversion 996 $aEquals$92167118 997 $aUNINA